000 00667cam7a220020500 4500
001 qcf00001846
005 20190816084220.0
008 751118s1962 fr 000 0 fre d
035 _a(Sirsi) r123327
035 _a(QCAT)lss01100369
035 _a(UPRA)qcf00001846
040 _dUPRA
100 1 _aMontaigne, Michel de, 1533-1592.
_dMontaigne, Michel de, 1533-1592.
_6A31902.1
245 1 0 _aEssais /
_cedited by M. Rat.
260 _aParis :
_bGarnier,
_c[c1962]
504 _aBibliography: v. 1, p.[xliii]-xlix.
949 _aPQ1641
_vVOL. 1
_wlcc
_i-177385
_mMAIN
_tBOOK
_lON-SHELF
949 _aPQ1641
_vVOL. 2
_wlcc
_i-177386
_mMAIN
_tBOOK
_lON-SHELF
004 123327
999 _c79178
_d79178